000 00739nam a2200229 a 4500
999 _c10066
_d10066
001 10066
003 BD-JhCC
005 20180405102805.0
008 180405s1988 ii a|||| ||a| 000 0 ben d
035 _a(BD-JhCC)10066
040 _aBD-JhCC
_dBD-JhCC
041 _aben
082 _a574
_bDAS 1988
100 _aদাস, তারকমোহন
245 _aবায়োলজি ক্যুইজ /
_cতারকমোহন দাস এবং অসিত কুমার দাস
260 _aকলিকাতা :
_bশৈব্যা প্রকাশন,
_c1988
300 _a80 p. :
_c22 cm.
650 _aBiology
700 _aদাস, অসিত কুমার
942 _2ddc
_cBK